| 000 | 01270nam a22002417a 4500 | ||
|---|---|---|---|
| 999 |
_c63581 _d63581 |
||
| 003 | Ge_BSU | ||
| 005 | 20251106153553.0 | ||
| 008 | 251106s2017 ge ||||| |||| 00| 0 geo d | ||
| 020 | _a9789941272417 | ||
| 041 | _ageo | ||
| 080 | _a811.353.32'367.625 ა-96 | ||
| 100 |
_aახალაია, ნატო _926170 |
||
| 245 |
_aნასახელარი ზმნები მეგრულსა და ლაზურში / _c ნატო ახალაია; რედაქტორი მერაბ ჩუხუა. |
||
| 264 |
_aთბილისი : _bსაარი, _c 2017. |
||
| 300 |
_a220 გვ. ; _b 20 სმ. |
||
| 500 | _a პროექტი განხორციელდა შოთა რუსთველის ეროვნული სამეცნიერო ფონდის ფინანსური მხარდაჭერით | ||
| 504 | _aბიბლიოგრ.: გვ. 207-219. | ||
| 520 | _aრეზიუმე ინგლ. ენაზე. | ||
| 653 | _aზმნა მეგრულ ენაში | ||
| 653 | _aზმნა ლაზურ ენაში | ||
| 700 |
_aჩუხუა, მერაბ _eრედაქტორი _916915 |
||
| 942 |
_2udc _cᲬᲘᲒᲜᲘ |
||